[Event "Vsetin op"]
[Site "Vsetin"]
[Date "1997.??.??"]
[Round "?"]
[White "Uhmann, Jan"]
[Black "Vojkuvka, Libor"]
[Result "1-0"]
[WhiteElo "2135"]
[BlackElo "2045"]
[PlyCount "69"]
[EventDate "1997.??.??"]
[EventType "swiss"]
[EventRounds "9"]
[EventCountry "CZE"]
[SourceTitle "EXT 1998"]
[Source "ChessBase"]
[SourceDate "1997.11.17"]
[SourceVersion "1"]
[SourceVersionDate "1997.11.17"]
[SourceQuality "1"]

1. d4 Nf6 2. c4 c5 3. d5 e6 4. Nc3 exd5 5. cxd5 d6 6. e4 g6 7. f4 Bg7 8. Nf3 0-0 9. Be2 Re8 10. Nd2 a6 11. a4 Nbd7 12. 0-0 c4 13. Kh1 Nc5 14. Bf3 Qc7 15. e5 dxe5 16. fxe5 Rxe5 17. Nxc4 Re8 18. d6 Qd8 19. Bg5 Be6 20. Nd5 Bxd5 21. Bxd5 h6 22. Bxf6 Bxf6 23. Qf3 Kg7 24. Rad1 Rb8 25. a5 Nd7 26. Bxb7 Ne5 27. Nxe5 Rxe5 28. b4 Rb5 29. Bxa6 Rxb4 30. d7 Rb3 31. Qd5 Ra3 32. Bc4 Qe7 33. Rde1 Qf8 34. Rxf6 Kxf6 35. Qd4+ 1-0